| 000 | 00547cam a22002051 4500 | ||
|---|---|---|---|
| 001 | he 67001512 | ||
| 003 | DLC | ||
| 005 | 20260227111448.0 | ||
| 008 | 830616s1963 is j 000 0 heb | ||
| 010 | _ahe 67001512 | ||
| 035 | _a(OCoLC)19162930 | ||
| 040 |
_aDLC _cMH _dDLC |
||
| 042 | _apremarc | ||
| 050 | 0 | 0 |
_aPZ90.H3 _bB278 |
| 100 | 1 | _aBar, ʻAmos. | |
| 245 | 1 | 0 | _aAgadat ha-yam ha-mitʻorer. |
| 260 |
_a[Tel Aviv] : _bha-Ḳibuts ha-meʼuḥad, _c1963 or 1964. |
||
| 300 |
_a[48] p. : _bill. ; _c18 x 22 cm. |
||
| 752 |
_aIsrael _dTel Aviv |
||
| 999 |
_c32533 _d32533 |
||